| 000 | 00658cam a2200181 a 4500 | ||
|---|---|---|---|
| 020 | _a0070621772 (acidfree paper) : | ||
| 040 | _cDLC | ||
| 082 | 0 | 0 | _a100 HIL 1994 A002 Or. |
| 245 | 0 | 0 |
_aPhilosophical problems : _bselected readings in Socratic dialogues, ethics, religion, political philosophy, epistemology, and metaphysics / |
| 250 | _a4th ed. | ||
| 260 |
_aNew York : _bMcGraw-Hill, _cc1994. |
||
| 300 |
_axvi, 403 p. : _bill. ; _c24 cm. |
||
| 650 | 0 | _aPhilosophy. | |
| 700 | 1 | _aStumpf, Samuel Enoch, | |
| 856 | 4 | 2 | _uhttp://www.loc.gov/catdir/description/mh022/93029947.html |
| 856 | 4 | 1 | _uhttp://www.loc.gov/catdir/toc/mh022/93029947.html |
| 942 | _cEK | ||
| 999 |
_c15647 _d15647 |
||